[Event "Rohde op 10th"]
[Site "Sautron"]
[Date "2010.10.25"]
[Round "3"]
[White "Maiorov, Nikita"]
[Black "Marholev, Dimitar"]
[Result "1-0"]
[WhiteElo "2546"]
[BlackElo "2407"]
[Annotator "Primel,D"]
[PlyCount "101"]
[EventDate "2010.10.23"]
[EventType "swiss"]
[EventRounds "9"]
[EventCountry "FRA"]
[SourceTitle "EXT 2012"]
[Source "ChessBase"]
[SourceDate "2011.11.24"]
[SourceVersion "1"]
[SourceVersionDate "2011.11.24"]
[SourceQuality "1"]

1. d4 {01h30+30s} Nf6 2. c4 g6 3. g3 Bg7 4. Bg2 c5 5. d5 O-O 6. Nc3 d6 7. Nf3
e6 8. O-O exd5 9. cxd5 Re8 (9... a6) (9... Na6) 10. Bf4 (10. Nd2 {la grande
ligne}) 10... Ne4 (10... Nh5 $5 {[%cal Gh5f4]}) 11. Nxe4 Rxe4 12. Nd2 Rxf4 $5 (
12... Rb4 {[%csl Rb2]} 13. a3 {Moiseenko,A (2676)-Miroshnichenko,E (2667)
Kharkov Rector Cup Champions m 11th 2009 (2) 1/2} (13. b3 Bxa1 14. Qxa1 $44 {
[%csl Rg7,Rg8][%cal Gf4h6]})) 13. gxf4 Bxb2 $44 14. Rb1 Bg7 15. Nc4 {01h13} ({
RR} 15. a4 b6 16. Nc4 Na6 17. Re1 Nb4 18. e4 Ba6 19. Qb3 {1/2-1/2 Prohaszka,P 
(2495)-Paschall,W (2386)/Budapest 2009/EXT 2010}) 15... b6 16. Qc2 {01h10} Ba6
$146 ({RR} 16... Na6 17. e4 Nb4 18. Qb3 b5 19. Ne3 a5 20. Rbd1 a4 21. Qb1 a3
22. e5 dxe5 23. d6 Ra6 24. Qe4 Rxd6 25. Rxd6 Qxd6 26. Rd1 Qf8 27. fxe5 c4 28.
Qh4 Nd3 29. Nd5 Bxe5 30. Ne7+ Kg7 31. Nd5 {Mondaca,O (2155)-Paglilla,C (2335)/
Buenos Aires 1993/EXT 1999/0-1 (31)}) 17. a4 (17. Qa4 $5 {[%cal Ga4a6,Ga4c4]})
17... Qf6 18. Qe4 {01h02} Nd7 19. Bh3 Nf8 20. Rfc1 {01h02} Rd8 21. e3 $14 {
[%csl Rd6,Rf8] 01h01} h6 22. Rb3 {48""} Qh4 23. Qf3 $1 {[%cal Gf3d5,Gf3h3] 44""
} Nh7 24. Bf1 {36""} Nf6 25. Nd2 Bb7 (25... Bc8) 26. Bc4 g5 27. a5 $1 {[%cal
Gb3b7] 27""} gxf4 28. exf4 Nh5 $44 29. axb6 axb6 30. Kh1 {24""} Nxf4 31. Rxb6
$36 Bc8 32. Qg3 {la partie enregistrée par le plateau DGT s'arrête ici.} Qf6
33. Ne4 {18""} Qe5 34. Re1 $6 {16"" Probablement une perte de temps qui va
donner un peu de contre-jeu aux Noirs} (34. f3 $142 {[%cal Gf3e4]} f5 (34...
Bh3 35. Rg1 {[%csl Rg7]}) 35. Nd2 Kh8 36. Rg1 $40) 34... Bh3 $40 {[%csl Rh1]}
35. Rb3 Bg2+ 36. Kg1 Bxe4 37. Rbe3 f5 38. f3 {05""} Nd3 39. Bxd3 Qxg3+ 40. hxg3
Bxd5 $11 {[%csl Gc5,Gd5,Gd6,Gg7]} 41. Kg2 Rf8 42. Re7 c4 43. Bc2 Be5 44. Rc7 c3
(44... f4 45. Bh7+ Kh8 46. Be4) 45. Rd1 Bf7 $2 (45... Ba8 $142 {[%csl Ga8,Ge5,
Rf3][%cal Ga8g2] Il vallait mieux continuer d'empêcher la poussée f4}) 46. f4
$40 Bg7 47. Rxd6 Re8 48. Bxf5 Bb3 49. Rdd7 Bf6 50. Kf3 Ba4 51. Be6+ 1-0

[Event "Plancoet op-A 10th"]
[Site "Plancoet"]
[Date "2013.07.30"]
[Round "3"]
[White "Meng, Roger"]
[Black "Lintchevski, Daniil"]
[Result "0-1"]
[WhiteElo "2307"]
[BlackElo "2559"]
[Annotator "RR"]
[PlyCount "86"]
[EventDate "2013.07.28"]
[EventType "swiss"]
[EventRounds "9"]
[EventCountry "FRA"]
[SourceTitle "EXT 2017"]
[Source "ChessBase"]
[SourceDate "2016.10.25"]
[SourceVersion "1"]
[SourceVersionDate "2016.10.25"]
[SourceQuality "1"]
[TimeControl "40/5400+30:1800+30"]

1. d4 Nf6 2. Nf3 e6 3. c4 c5 4. d5 d6 5. Nc3 exd5 6. cxd5 g6 7. g3 Bg7 8. Bg2
O-O 9. O-O Re8 10. Bf4 (10. Nd2) 10... Na6 11. Nd2 Nh5 12. Be3 Nc7 (12... Rxe3
13. fxe3 Qe7 14. e4 Bd7 15. Qb3 Rb8 16. Bf3 Nf6 17. Nd1 h5 18. Nf2 b5 19. Qa3
Rb6 20. Qb3 c4 21. Qd1 Nc5 22. Qc2 h4 23. Kg2 g5 24. g4 Nh7 25. Rac1 Nf8 26. b4
Na4 27. e5 Qxe5 28. Be4 Nc3 29. Nf3 Qf4 30. e3 Qf6 31. Rce1 Ra6 32. Nd4 Nxa2
33. Nh3 Qe7 34. Nc6 Bxc6 35. dxc6 Nxb4 36. Qb1 d5 37. c7 Rc6 38. Bh7+ Nxh7 39.
Qf5 Rxc7 40. Qxh7+ Kxh7 {0-1 (40) Mamedyarov,S (2753)-Morozevich,A (2760)
Moscow 2013}) 13. a4 b6 14. Nc4 Ba6 15. Na3 Qd7 ({RR} 15... Rxe3 16. fxe3 Qe7
17. Nc2 Nf6 18. e4 h5 19. Ra3 Nd7 20. b4 Ne5 21. bxc5 bxc5 22. Rb3 Nc4 23. Qe1
Qd7 24. Rf3 Re8 25. Na3 Nxa3 26. Rxa3 Rb8 27. e3 Qe7 28. Rf2 Bd3 29. Qd1 c4 30.
Bf1 {Pham Minh Hoang (2466)-Roser,K (2433) France 2010 1-0 (77)}) 16. Bf3 $146
(16. Qc2 Re7 17. Rfe1 Rae8 18. Bf3 Nf6 19. Bf4 h6 20. Rad1 g5 21. Bc1 Ng4 22.
b3 Ne5 23. Bg2 f5 24. Bb2 g4 25. Qb1 h5 26. Nc2 h4 27. Ne3 Rf8 28. Nf1 Qe8 29.
gxh4 Ng6 30. e3 Nxh4 31. Ng3 Be5 32. Nce2 Bxe2 33. Rxe2 Rh7 34. Bxe5 Qxe5 35.
Qb2 Qe7 36. Rc2 Nf3+ 37. Bxf3 gxf3 38. Rc4 f4 39. Rxf4 Rxf4 40. exf4 Qh4 {
0-1 (40) Birnboim,N (2430)-Suba,M (2545) Beersheba 1986}) 16... Re5 17. Qb3
Rae8 18. Ncb5 (18. Nc4) 18... Bxb5 19. axb5 {[%csl Ra7]} Rxe3 $1 {Les Blancs
menaçaient de jouer Nc4 chassant la R tout en protégeant le Be3} 20. fxe3
Rxe3 21. Qa4 (21. Qxe3 Bd4 {[%csl Re3,Rg1]}) 21... Bxb2 $36 22. Ra2 Bxa3 23.
Rxa3 Rxa3 24. Qxa3 Nxb5 {[%csl Ga7,Gb6]} 25. Qa4 {[%cal Ga4d7]} Nf6 {[%cal
Gf6d7]} 26. e3 Nd4 $1 27. Bd1 Qxa4 (27... Ne2+ 28. Kg2 Qxa4 29. Bxa4 Kg7 {
[%cal Ge2c3,Gc3d5]}) 28. Bxa4 Ne2+ 29. Kf2 Nc3 30. Bc6 Kf8 31. Ke1 Ke7 32. Kd2
Ncxd5 33. Bb5 Nc7 $19 {[%cal Gd6d5,Gb6b5]} 34. Bd3 b5 35. Ra1 a6 36. e4 Nd7 37.
Kc3 Ne5 38. Be2 Kd7 39. h4 Kc6 40. h5 Kb6 41. h6 a5 42. Rd1 Kc6 43. Ra1 a4 0-1

[Event "POL-chT 66th"]
[Site "Katowice"]
[Date "2010.09.05"]
[Round "2"]
[White "Kolosowski, Mateusz"]
[Black "Lagowski, Patryk"]
[Result "1-0"]
[WhiteElo "2342"]
[BlackElo "2322"]
[Annotator "RR"]
[PlyCount "87"]
[EventDate "2010.09.04"]
[EventType "team-tourn"]
[EventRounds "9"]
[EventCountry "POL"]
[SourceTitle "EXT 2016"]
[Source "ChessBase"]
[SourceDate "2015.10.08"]
[SourceVersion "1"]
[SourceVersionDate "2015.10.08"]
[SourceQuality "1"]
[WhiteTeam "Prokonex"]
[BlackTeam "Szkola Grudziadz"]
[WhiteTeamCountry "POL"]
[BlackTeamCountry "POL"]

1. d4 Nf6 2. c4 e6 3. g3 c5 4. d5 exd5 5. cxd5 d6 6. Nc3 g6 7. Bg2 Bg7 8. Nf3
O-O 9. O-O Re8 10. Nd2 b6 (10... a6 {La grande ligne}) 11. a4 (11. Re1 Ba6 12.
a4) 11... Ba6 (11... Nbd7 12. h3 a6 13. f4 Nh5 14. Kh2 Rb8 15. g4 Nhf6 16. g5
Nh5 17. Nc4 Qc7 18. Ne4 Bf8 19. Bd2 f5 20. Nf2 b5 21. axb5 axb5 22. Na5 Ra8 23.
e4 Nb6 24. exf5 Bxf5 25. Ng4 b4 26. Re1 Rxe1 27. Qxe1 Qf7 28. Qf1 Bd7 29. Qf2
Bg7 30. Qf1 Qf8 31. Qc1 Ra7 32. Nc6 Rxa1 33. Qxa1 Nxf4 34. Qa7 Nxg2 35. Kxg2
Bxg4 36. hxg4 Nxd5 37. Qa2 Qf7 38. Qa8+ Bf8 39. Nd8 Nb6 40. Nxf7 Nxa8 41. Nd8 {
Baryshpolets,A (2547)-Ponomariov,R (2743) Kiev 2013 0-1}) 12. Nb5 Bxb5 $6 {
Le P doublé "b5" sera difficile à attaquer et il va faire pression sur
l'aile-dame} (12... Nbd7 $142 {Plus souple} 13. Re1) 13. axb5 $14 {[%csl Ra7]}
Nbd7 14. Re1 Re7 15. Nc4 $146 {[%csl Gc4]} (15. Ra4 Ne8 16. Nc4 Ne5 17. Nxe5
Bxe5 18. Qb3 Qd7 19. e3 Nc7 20. Bf1 f5 21. Bd2 Bg7 22. Rea1 Ne8 23. Ra6 Qb7 24.
R6a4 Nf6 25. Bc3 Ne4 26. Bxg7 Kxg7 27. Bd3 Nf6 28. Bc4 h5 29. h4 Kf7 30. Qd3
Ne4 31. b3 Rg8 32. Kg2 Qb8 33. Qc2 Rg7 34. Bd3 Nf6 35. b4 cxb4 36. Rxb4 Nd7 37.
Bxf5 gxf5 38. Qxf5+ Nf6 39. Rf4 Rg6 40. Qxh5 Kg7 41. Qf3 Qe8 42. h5 Nxh5 43.
Rf5 Nf6 44. Rh1 Re5 {Postny,E (2578)-Laznicka,V (2525) playchess.com INT 2006
1-0 (88)}) 15... Ne8 $6 16. Bg5 $14 f6 {[%csl Re6]} 17. Bd2 Ne5 18. Nxe5 (18.
Qa4) 18... fxe5 19. e4 Rf7 20. Qe2 Bf6 21. h4 Ng7 22. Bh3 $36 {[%csl Rf7,Rg8]}
Rb8 23. Ra3 $1 Rbb7 24. Rea1 $16 Qe8 25. b4 $1 Qd8 26. bxc5 dxc5 27. Bh6 Qd6 (
27... Kh8 28. Rf3 $40) 28. Qc4 Kh8 29. Be6 Rfc7 30. Rf3 Ne8 31. g4 {[%cal
Gg4g5,Gf3f8]} Bg7 32. g5 Rb8 33. Raa3 Re7 34. h5 gxh5 35. Rf5 Nc7 36. Bxg7+ $2
{Laisse une occasion aux Noirs de revenir dans la partie} (36. Rxa7 $142 Nxe6
37. Rxe7 Qxe7 38. dxe6 {[%cal Gf5f7]}) 36... Rxg7 37. Raf3 Nxe6 38. dxe6 Rbg8 (
38... Re8 $1 39. Rf7 Qxe6 $132) 39. Qd5 Rxg5+ 40. Rxg5 Rxg5+ 41. Kf1 Qb8 42. e7
Rg8 43. Qf7 h6 44. Rf6 1-0

[Event "POL-chT 66th"]
[Site "Katowice"]
[Date "2010.09.10"]
[Round "7"]
[White "Leniart, Arkadiusz"]
[Black "Szoen, Dariusz"]
[Result "1-0"]
[WhiteElo "2453"]
[BlackElo "2448"]
[Annotator "RR"]
[PlyCount "75"]
[EventDate "2010.09.04"]
[EventType "team-tourn"]
[EventRounds "9"]
[EventCountry "POL"]
[SourceTitle "EXT 2016"]
[Source "ChessBase"]
[SourceDate "2015.10.08"]
[SourceVersion "1"]
[SourceVersionDate "2015.10.08"]
[SourceQuality "1"]
[WhiteTeam "Wroclaw Polonia"]
[BlackTeam "Lublin"]
[WhiteTeamCountry "POL"]
[BlackTeamCountry "POL"]

1. d4 Nf6 2. Nf3 e6 3. c4 c5 4. d5 exd5 5. cxd5 d6 6. Nc3 g6 7. g3 Bg7 8. Bg2
O-O 9. O-O Na6 (9... a6) (9... Re8) 10. Nd2 Nc7 11. a4 b6 12. Nc4 Ba6 13. Na3
Re8 (13... Qd7 14. Bd2 Ng4 15. h3 Ne5 16. b3 f5 17. f4 Nf7 18. Re1 Rae8 19. Nc4
Kh8 20. Qc2 Nh6 21. Rad1 b5 22. axb5 Nxb5 23. e3 Nxc3 24. Bxc3 Bxc4 25. bxc4
Bxc3 26. Qxc3+ Qg7 27. Qxg7+ Kxg7 28. Ra1 Re7 29. e4 fxe4 30. Rxe4 Rff7 31. Ra6
{1/2-1/2 (31) Laylo,D (2502)-Nguyen,N (2656) Ho Chi Minh City 2012}) 14. Re1
Nd7 15. Qc2 (15. e4 Ne5 16. Bf1 Bxf1 17. Rxf1 Qd7 18. Kg2 a6 19. f4 Ng4 20. Nc4
Rab8 21. e5 dxe5 22. d6 Ne6 23. Qxg4 Nxf4+ 24. Rxf4 f5 25. Qd1 exf4 26. Qd5+
Qe6 27. d7 Qxd5+ 28. Nxd5 Red8 29. Ne7+ Kf7 30. Nc6 Rxd7 31. Nxb8 Rd4 32. Nxb6
fxg3 33. hxg3 Rb4 34. a5 Bxb2 35. Rb1 Bxc1 36. Rxc1 Rb5 37. Ra1 c4 38. Nxa6 c3
39. Nc4 {1-0 (39) Ishkanov,T (2306)-Diamant,A (2479) Wheeling 2013}) 15... Ne5
16. Bd2 Nc4 17. Nxc4 Bxc4 18. e4 Ba6 19. Nd1 {[%cal Gd2c3]} Rb8 20. Bc3 b5 {
[%csl Ra7] Comme souvent, les Noirs jouent de manière active dans une Benoni
mais au risque d'affaiblir l'aile-dame} (20... Bc8 21. f4 a6 22. Bxg7 (22. e5)
22... Kxg7 23. Nc3 (23. Qc3+ Kg8 24. e5 {[%csl Gd5,Ge5]}) 23... b5 24. axb5
axb5 $132 {[%csl Gb5,Gc5]}) 21. axb5 Rxb5 22. Bf1 Bxc3 23. bxc3 Rb6 24. Ne3
Bxf1 25. Rxf1 a6 26. Nc4 Rb8 27. f4 Qd7 28. Rad1 Nb5 29. f5 $1 Qe7 30. e5 $1
$36 dxe5 31. f6 {[%cal Gc2d2,Gd2h6]} Qf8 32. d6 $44 {[%csl Gd6]} Re6 33. d7 Rd8
34. Rfe1 Rxf6 (34... e4 35. Rxe4 Rxe4 36. Qxe4 Nxc3) 35. Rxe5 Kg7 36. Qd2 h5 $6
{[%csl Rg5,Rg7]} 37. Qe3 Nd6 38. Rxd6 1-0

[Event "Tata Steel-B 79th"]
[Site "Wijk aan Zee"]
[Date "2017.01.24"]
[Round "9"]
[White "Xiong, Jeffery"]
[Black "Jones, Gawain C B"]
[Result "1-0"]
[WhiteElo "2667"]
[BlackElo "2665"]
[Annotator "Ramirez Alvarez,A"]
[PlyCount "109"]
[EventDate "2017.01.14"]
[EventType "tourn"]
[EventRounds "13"]
[EventCountry "NED"]
[EventCategory "14"]
[SourceTitle "CBM 177"]
[Source "ChessBase"]
[SourceDate "2017.03.16"]
[SourceVersion "1"]
[SourceVersionDate "2017.03.16"]
[SourceQuality "1"]
[TimeControl "40/6000+30:20/3000+30:900+30"]

1. d4 {[%emt 0:00:00]} Nf6 {[%emt 0:00:42]} 2. c4 {[%emt 0:00:00]} g6 {[%emt 0:
00:04]} 3. Nc3 {[%emt 0:00:00]} Bg7 {[%emt 0:00:05]} 4. g3 {[%emt 0:00:00]} O-O
{[%emt 0:00:19]} 5. Bg2 {[%emt 0:00:00]} d6 {[%emt 0:00:15]} 6. Nf3 {[%emt 0:
00:07]} c5 {[%emt 0:00:11]} 7. d5 {[%emt 0:05:12]} e6 {[%emt 0:01:04]} 8. O-O {
[%emt 0:00:10]} exd5 {[%emt 0:00:13]} 9. cxd5 {[%emt 0:00:07]} Re8 {[%emt 0:00:
35]} 10. Re1 {[%emt 0:00:40]} Ne4 {[%emt 0:03:42]} 11. Nxe4 {[%emt 0:01:44]}
Rxe4 {[%emt 0:00:07]} 12. Qc2 {[%emt 0:00:43]} Bf5 $146 {[%emt 0:17:16]} (12...
Re8 13. Bg5 Qb6 14. Rab1 Nd7 15. Qa4 h6 16. Bf4 g5 17. Bd2 Nf6 18. e4 Bd7 19.
Qc2 Qd8 20. b4 Rc8 21. bxc5 Rxc5 22. Qd3 Qc8 23. Bb4 Bb5 24. Qb3 Bc4 25. Qa3
Nxe4 26. Bxc5 dxc5 27. Ne5 Bxe5 28. Bxe4 a6 29. Qf3 g4 30. Bh7+ Kf8 31. Qe3 Bg7
32. Qf4 {1-0 (32) Lei,T (2444)-Gomes,M (2354) Chengdu 2015}) 13. Bh3 {[%emt 0:
08:25]} Na6 {[%emt 0:14:25]} 14. Bxf5 {[%emt 0:02:49]} gxf5 {[%emt 0:02:07]}
15. Ng5 {[%emt 0:09:04]} Re5 {[%emt 0:03:54]} 16. Bf4 {[%emt 0:05:22]} Nb4 {
[%emt 0:00:58]} 17. Qb3 {[%emt 0:14:30]} a5 {[%emt 0:14:59]} 18. a3 {[%emt 0:
24:27]} a4 {[%emt 0:00:50]} 19. Qc4 {[%emt 0:02:31]} b5 {[%emt 0:00:50]} 20.
Qxb5 {[%emt 0:00:40]} Nc2 {[%emt 0:00:27]} 21. Bxe5 {[%emt 0:00:31]} dxe5 {
[%emt 0:04:37]} 22. Qb7 {[%emt 0:00:50]} Qe8 {[%emt 0:04:43]} 23. Nxf7 {
[%emt 0:01:34]} Rb8 {[%emt 0:04:53]} 24. Qc7 {[%emt 0:00:51]} Rc8 {[%emt 0:02:
17]} 25. Qb7 {[%emt 0:02:18]} Rb8 {[%emt 0:00:40]} 26. Qc7 {[%emt 0:00:03]} Rc8
{[%emt 0:00:08]} 27. Nd6 {[%emt 0:00:22]} Rxc7 {[%emt 0:00:07]} 28. Nxe8 {
[%emt 0:00:06]} Rd7 {[%emt 0:00:14]} 29. Nxg7 {[%emt 0:01:19]} Kxg7 {[%emt 0:
00:06]} 30. Kf1 {[%emt 0:01:13]} Nxa1 {[%emt 0:03:28]} 31. Rxa1 {[%emt 0:00:44]
} Rxd5 {[%emt 0:00:06]} 32. Rc1 {[%emt 0:00:06]} Rd2 {[%emt 0:08:42]} 33. Rxc5
{[%emt 0:00:17]} Kf6 {[%emt 0:00:10]} 34. Rc6+ {[%emt 0:03:54]} Kg5 {[%emt 0:
02:56]} 35. Rb6 {[%emt 0:02:06]} Rc2 {[%emt 0:06:39]} 36. f3 {[%emt 0:02:06]}
f4 {[%emt 0:03:09]} 37. h4+ {[%emt 0:03:19]} Kh5 {[%emt 0:00:04]} 38. gxf4 {
[%emt 0:00:06]} exf4 {[%emt 0:00:14]} 39. Rb4 {[%emt 0:00:12]} Kxh4 {[%emt 0:
03:23]} 40. Rxf4+ {[%emt 0:00:00]} Kg3 {[%emt 0:00:56]} 41. Rg4+ {[%emt 0:00:
11]} Kh3 {[%emt 0:00:06]} 42. Rxa4 {[%emt 0:00:09]} Rxb2 {[%emt 0:00:06]} 43.
Kf2 {[%emt 0:00:09]} h5 {[%emt 0:01:23]} 44. Ra8 {[%emt 0:06:13]} h4 {[%emt 0:
01:49]} 45. a4 {[%emt 0:05:58]} Kh2 {[%emt 0:01:21]} 46. a5 {[%emt 0:00:11]}
Rb7 {[%emt 0:08:45]} 47. Rh8 {[%emt 0:02:06]} h3 {[%emt 0:00:12]} 48. Rh4 {
[%emt 0:00:26]} Rb1 {[%emt 0:02:40]} 49. Ra4 $4 (49. a6 Ra1 50. Rh6 {and just
pushing the f-pawn wins.} Ra4 51. Rb6 Kh1 (51... Ra3 52. f4 Ra4 53. e3 Ra2+ 54.
Kf3 $18) 52. Kg3) 49... Kh1 $4 (49... Rg1 $1 50. a6 Ra1 $1 {A nice stalemate
trick.} 51. Rd4 Rxa6 52. f4 Rg6 {and in this line Black can extract his king
from h2 and draw.}) (49... Ra1 50. Rd4 Rxa5 (50... Rg1 $1 51. a6 Rg2+ 52. Ke3
Rg6 53. Ra4 Kg3 54. a7 h2 55. a8=Q h1=Q {with a likely draw as White can't use
his extra tempo.}) 51. f4 {also makes White's life more complicated, but
should be winning.}) 50. a6 h2 51. a7 Rf1+ 52. Ke3 Kg2 53. Rg4+ Kh1 54. a8=Q
Rxf3+ 55. Qxf3# 1-0

[Event "Norway Chess 2nd"]
[Site "Stavanger"]
[Date "2014.06.03"]
[Round "1"]
[White "Grischuk, Alexander"]
[Black "Caruana, Fabiano"]
[Result "0-1"]
[WhiteElo "2792"]
[BlackElo "2791"]
[Annotator "Roiz,M"]
[PlyCount "78"]
[EventDate "2014.06.03"]
[EventType "tourn"]
[EventRounds "9"]
[EventCountry "NOR"]
[EventCategory "21"]
[SourceTitle "CBM 161"]
[Source "ChessBase"]
[SourceDate "2014.07.16"]
[SourceVersion "1"]
[SourceVersionDate "2014.07.16"]
[SourceQuality "1"]

1. d4 Nf6 2. c4 g6 3. g3 Bg7 4. Bg2 c5 5. d5 O-O 6. Nc3 e6 7. Nf3 exd5 8. cxd5
d6 9. O-O Re8 10. a4 {Quite a rare continuation.} ({The main alternatives are:
} 10. Bf4) ({and} 10. Nd2) 10... Ne4 {A natural response - exchanging one pair
of knights may definitely ease Black's play.} (10... b6 11. Nd2 Nbd7 12. h3 a6
13. e4 Qc7 $132) (10... Na6 11. Nd2 Ng4 12. h3 Ne5 13. f4 Nd7 14. e4 Nb4 15. a5
b6 $6 (15... b5 $142 $1 16. Nxb5 Nf6 $132) 16. Nc4 Ba6 17. Nxd6 Bxf1 18. Qxf1
$36 {1-0 Nikolic,P (2584)-Hracek,Z (2581)/Germany 2005/CBM 110/[Marin,M] (42)})
11. Nxe4 Rxe4 12. Nd2 Rb4 $1 {A brave decision - the rook is in danger, but
Black gets some time for completing his development.} ({After} 12... Re8 13.
Nc4 b6 14. Bf4 g5 15. Bd2 Ba6 16. Rc1 $14 {White is able to mobilise all his
forces and puts some pressure on the Pd6.}) 13. Ra2 {A natural prophylactic
move - White is ready to consolidate the position by means of b2-b3 and Nd2-c4.
} ({Black is doing fine after} 13. Rb1 b5 14. axb5 Nd7 15. b3 Rxb5 16. Bb2 a5
17. Bxg7 Kxg7 $11) ({Or} 13. Qc2 Nd7 14. Rb1 Qe7 15. Re1 b5 $132 {1/2-1/2 Ju,W
(2552)-Guseinov,G (2634)/Moscow 2012/CBM 147 (19)}) 13... a5 $5 $146 {Fabiano
comes up with an interesting new idea. He finds an original way to develop his
q-side pieces.} ({Another decent continuation was connected with a sacrifice:} 
13... Na6 $5 14. b3 Rd4 $1 15. Bb2 Nb4 16. Ra1 a6 17. Bxd4 Bxd4 18. Rb1 b5 19.
Nf3 Bg7 $44) ({In the preceding game Black didn't solve all the problems:} 
13... Bd7 14. b3 b5 15. axb5 Bxb5 16. Ne4 $14 {0-1 Yuffa,D (2368)-Shomoev,A 
(2560)/Khanty-Mansiysk RUS 2013 (40)}) 14. b3 b5 {That is the point! Now Black
can afford to leave the rook on b4.} (14... Nd7 $5 15. Ba3 b5 16. Bxb4 axb4 $44
) 15. axb5 (15. Ba3 bxa4 16. Bxb4 axb4 17. Rxa4 Rxa4 18. bxa4 Ba6 19. Qc2 Bxe2
20. Re1 Ba6 $132) 15... Nd7 $1 {A precise move. Black is not obliged to take
back the pawn immediately.} (15... Rxb5 $2 16. Nc4 Na6 17. Bf4 Bf8 18. e4 Nb4
19. Ra3 $16) 16. Ne4 {The position is about equal, since both sides have their
weaknesses.} (16. Nc4 Ne5 17. Bd2 Rxb5 $132) 16... Qe7 ({Deviating from} 16...
Qc7 17. Bf4 Ne5 18. Bg5 h6 19. Nf6+ Kf8 (19... Kh8 $2 20. Ne8 Qd7 21. Nxg7 hxg5
22. Ne6 $1 $36) 20. Nh7+ Kg8 21. Nf6+ Kf8 $11) 17. Qc2 Rxb5 18. Bg5 (18. Bd2
Ne5 19. Rfa1 Rab8 20. Rxa5 Rxb3 21. Ra8 R3b7 $11) 18... Nf6 $5 {This
provocative move looks awkward, but White cannot make any use of the pin.} (
18... f6 19. Bf4 Ne5 20. Rfa1 Bf5 21. Ra3 Rab8 $11) 19. Qd3 Rb7 20. Qe3 {
Both players are playing well in such a complex position.} (20. h4 Bf5 21.
Nxf6+ Bxf6 22. e4 $11) 20... h6 $5 {A positional pawn sacrifice.} ({A quiet
alternative is} 20... Bf5 21. Nd2 Qxe3 22. Bxe3 $11) 21. Bxf6 {Accepting the
challenge.} ({Alexander deviates from a drawish endgame:} 21. Nxf6+ Bxf6 22.
Qxe7 Bxe7 23. Bxe7 Rxe7 24. Rfa1 Kg7 25. e4 Rb8 26. Rxa5 Rxb3 27. Ra8 Bb7 28.
Rd8 $11) 21... Bxf6 22. Qf4 ({Of course, not} 22. Qxh6 Rxb3 23. Nxc5 dxc5 24.
d6 Qe5 $1 25. Bxa8 Bg5 $19) 22... Be5 23. Qxh6 Rxb3 ({Another tempting
continuation was} 23... Bg7 24. Qf4 Ra6 25. Qf3 Rb4 $44 {keeping nice
compensation too.}) 24. Nxc5 Rb5 {Once again, Black decides to keep more
pressure on the board.} ({The following line could lead to a draw:} 24... dxc5
25. d6 Qa7 26. Qg5 (26. Bd5 Bg7 27. Qxg6 Rb5 28. Ra3 Be6 29. Bxe6 fxe6 30.
Qxe6+ Qf7 31. Qe4 Rd8 32. Rd1 $132) 26... Bxd6 27. Bd5 Be6 28. Bxe6 fxe6 29.
Qxg6+ Kh8 30. Rxa5 Qxa5 31. Qh6+ Kg8 32. Qxe6+ Kg7 33. Qd7+ Kh8 34. Qh3+ $11)
25. Nd3 Bg7 26. Qd2 (26. Qf4 Bd7 27. Rc1 Qf6 $44) 26... a4 {The position is
still balanced - Black has sufficient compensation for a pawn, but not more.}
27. Qc2 (27. Qc1 Rb3 28. Rxa4 Rxa4 29. Qxc8+ Kh7 30. Bf3 $11) 27... a3 28. Rxa3
Rxa3 29. Qxc8+ Kh7 (29... Qf8 30. Qg4 Rb8 31. Bf3 $11) 30. Bf3 Rc3 31. Qg4 Rbb3
32. h4 {I guess both players were quite ambitious at this stage of the game.
In fact, White has some attacking prospects, since the Kh7 is somewhat exposed.
} (32. Kg2 $5) 32... f5 33. Qa4 (33. Qg5 Bf6 34. Qf4 $11) 33... Ra3 34. Qd1 (
34. Qb4 Rab3 35. Qa4 Ra3 $11) 34... Bh6 35. Kg2 (35. h5 $6 {is hardly a good
idea:} g5 36. g4 Qd7 37. gxf5 Qxf5 {and only Black can be better here.}) 35...
Qf6 36. Rh1 Qd4 $1 37. Qb1 Rab3 {All Black's pieces are very active, so
Alexander had to be careful, but...} 38. Qa2 $4 {A terrible blunder.} ({After} 
38. Qa1 Ra3 (38... Rxd3 39. exd3 Rb2 40. Qe1 Be3 41. Rf1 $14) 39. Qb1 Rcb3 40.
Qc2 $11 {Black had no reason to avoid a draw.}) 38... Rxd3 $1 39. exd3 Rb2 {
White cannot avoid the loss of his queen. A sad end for Grischuk.} (39... Rb2
40. Qxb2 Qxb2 41. Re1 Bg7 42. Re2 Qd4 $19) 0-1